000 00392nam a2200133Ia 4500
008 190722s9999 xx 000 0 und d
020 _a978-81-317-9539-2
100 _aFrank Wood's , Alan Sangster
245 0 _aBusiness Accounting 1
260 _aNew Delhi (India)
_bPearson Education, Inc. /Dorling Kindersley (India) Pvt. Ltd.
_c2015
300 _a782p.:
942 _cBK
942 _e12fth Ed.
999 _c936
_d936